Los seglares en la Iglesia / (Record no. 59690)

MARC details
000 -LEADER
campo de control de longitud fija 00551nam a2200193 i 4500
001 - NÚMERO DE CONTROL
campo de control 59690
003 - IDENTIFICADOR DE NÚMERO DE CONTROL
campo de control ES-MaACL
005 - FECHA Y HORA DE LA ÚLTIMA TRANSACCIÓN
campo de control 20230906164100.0
007 - CAMPO FIJO DE DESCRIPCIÓN FÍSICA--INFORMACIÓN GENERAL
campo de control de longitud fija t|
008 - DATOS DE LONGITUD FIJA--INFORMACIÓN GENERAL
campo de control de longitud fija 031030s1958 sp ||||1| spa d
100 1# - ENTRADA PRINCIPAL--NOMBRE DE PERSONA
Nombre de persona Enrique y Tarancón, Vicente.
9 (RLIN) 47273
245 14 - MENCIÓN DEL TÍTULO
Título Los seglares en la Iglesia /
Mención de responsabilidad, etc. Vicente E. Tarancón.
260 ## - PUBLICACIÓN, DISTRIBUCIÓN, ETC.
Lugar de publicación, distribución, etc. Madrid :
Nombre del editor, distribuidor, etc. Euramérica,
Fecha de publicación, distribución, etc. [1958] (
Fabricante Blass)
300 ## - DESCRIPCIÓN FÍSICA
Extensión 185 p. ;
Dimensiones 18 cm.
490 1# - MENCIÓN DE SERIE
Mención de serie Un mundo mejor
830 0# - PUNTO DE ACCESO ADICIONAL DE SERIE-TÍTULO UNIFORME
Título uniforme Un mundo mejor
9 (RLIN) 230530
852 ## - LOCALIZACIÓN
Ubicación ES-MaACL
Número de control de estantería C-15273
Sublocalización o colección R.42514
Holdings
Estatus retirado Estado de pérdida Estado de daño No para préstamo Biblioteca de origen Biblioteca actual Ubicación en estantería Fecha de adquisición Fuente de adquisición Total de préstamos Signatura topográfica completa Código de barras Visto por última vez Precio de reemplazo Tipo de ítem Koha
        Biblioteca del Ateneo de Madrid Biblioteca del Ateneo de Madrid Ficheros 17/01/2008     C-15273 1062606 23/02/2023 23/02/2023 Libro impreso